Vedic Concept of Aatman (Record no. 10623)

MARC details
000 -LEADER
fixed length control field 00627nam a2200241 a 4500
020 ## - INTERNATIONAL STANDARD BOOK NUMBER
ISBN 8186326
082 00 - DEWEY DECIMAL CLASSIFICATION NUMBER
Classification number 294.5921
Author Cutter RAM
100 ## - MAIN ENTRY--AUTHOR NAME
Author name Ramanathan, A S
245 ## - TITLE STATEMENT
Title Vedic Concept of Aatman
Sub title Logic of Vedic Thought-3
260 ## - PUBLICATION, DISTRIBUTION, ETC. (IMPRINT)
Place of publication Jaipur
Name of publisher Rajasthan Patrika
Year of publication 1997
300 ## - PHYSICAL DESCRIPTION
Number of Pages 132p.
500 ## - GENERAL NOTE
General note includes index and biblioraphy
505 2# - FORMATTED CONTENTS NOTE
Formatted contents note Bibliography, Index
650 ## - SUBJECT ADDED ENTRY--TOPICAL TERM
Topical Term Vedas-Hinduism
942 ## - ADDED ENTRY ELEMENTS (KOHA)
Koha item type Books
700 1# -
-- Ramanathan, A S
Holdings
Collection code Home library Current library Date acquired Cost, normal purchase price Full call number Accession Number Koha item type
  Henry Martyn Institute Library Henry Martyn Institute Library 07/25/2007 350.00 294.5921 RAM 017414 Books
                   Copyright © 2026 | Henry Martyn Institute | Hyderabad | TS-500052 | INDIA | Implemented by hmi.edu.in
Hit-Count:

Powered by Koha